Normal view
MARC view
- Ahmed , Faisal Capt (TE-35)
Entry Personal Name
001 - CONTROL NUMBER
- control field: 131266
003 - CONTROL NUMBER IDENTIFIER
- control field: NUST
005 - DATE AND TIME OF LATEST TRANSACTION
- control field: 20251020134316.0
008 - FIXED-LENGTH DATA ELEMENTS
- fixed length control field: 251020|| aca||aabn | a|a d
040 ## - CATALOGING SOURCE
- Original cataloging agency: NUST
- Transcribing agency: NUST
100 ## - HEADING--PERSONAL NAME
- Personal name: Ahmed , Faisal Capt (TE-35)
670 ## - SOURCE DATA FOUND
- Source citation: Work cat.: (NUST)182719: Ahmed , Faisal Capt (TE-35), Call Automation at MD-110 /, 2002
